Geografi Alam Sekitar dan Manusia STPM

Bibliographic Details
Main Author: Keng Su Seng
Format: Book
Published: Shah Alam : Penerbit Fajar Bakti Sdn.Bhd. , 1998.
Subjects:

MARC

LEADER 00000cam a2200000 7i4500
001 0000031310
005 20031205.0
008 031205s1998
020 |a 9676540218 
090 0 0 |a R 304.2 SEN 
100 0 |a Keng Su Seng. 
245 0 0 |a Geografi Alam Sekitar dan Manusia STPM   |c Keng Su Seng. 
260 |a Shah Alam :   |b Penerbit Fajar Bakti Sdn.Bhd. ,   |c 1998. 
300 |a 279p :   |b ill ;   |c 25 cm. 
650 0 0 |a Geography. 
999 |a 101358   |b Buku   |c Rak Terbuka   |e Perbadanan Perpustakaan Awam Melaka 
999 |a 101359   |b Buku   |c Rak Terbuka   |e Perbadanan Perpustakaan Awam Melaka